Mark Twain Prize Winners Quiz - Statistics

General Stats
  • This quiz has been taken 26 times
    19 since last reset
  • The average score is 9 of 23
Answer Stats
Year Award Winner % Correct
2016 Bill Murray
88%
2015 Eddie Murphy
69%
2017 David Letterman
63%
2022 Jon Stewart
63%
2005 Steve Martin
63%
2009 Bill Cosby*
56%
2014 Jay Leno
50%
2011 Will Ferrell
50%
2018 Julia Louis-Dreyfus
44%
2010 Tiny Fey
44%
2019 Dave Chapelle
38%
2008 George Carlin**
38%
1998 Richard Pryor
38%
2001 Whoopi Goldberg
38%
2007 Billy Crystal
31%
2000 Carl Reiner
31%
2004 Lorne Michaels
31%
2012 Ellen DeGeneres
25%
2003 Lily Tomlin
25%
2013 Carol Burnett
19%
1999 Jonathan Winters
13%
2002 Bob Newhart
6%
2006 Neil Simon
6%
No matching quizzes found
Score Distribution
Percent of People with Each Score
Percentile by Number Answered
Your Score History
You have not taken this quiz since the last reset